000 00288nam a2200109Ia 4500
008 200302s9999 xx 000 0 und d
100 _aJohn A. Loomis
245 _aRevolution of Forms Cuba's Forgotten art Schools
260 _bPrinceto Architectural Press
260 _c1999
300 _a189
999 _c3322
_d3322